000 00962cam a2200301 i 4500
999 _c60600
_d60600
001 438095
003 ARRUPE
005 20170922121504.0
008 810302s1980 enk b 001 0 eng
010 _a 81455608
015 _aGB***
020 _a0715607561 :
_c£24.00
020 _a0715608193 (pbk.)
040 _aDLC
_cDLC
_dDLC
050 0 0 _aGF75
_b.P34 1980
082 0 0 _a304.2
_219
100 1 _aPassmore, John Arthur.
_936160
245 1 0 _aMan's responsibility for nature :
_becological problems and Western traditions /
_cJohn Passmore.
250 _a2d ed.
260 _aLondon :
_bDuckworth,
_c1980.
300 _axiv, 227 p. ;
_c26 cm.
500 _aIncludes indexes.
504 _aBibliography: p. 219-220.
650 0 _aNature
_xEffect of human beings on.
_936040
650 0 _aEnvironmental ethics.
_936161
650 0 _aEnvironmental protection.
_923537
906 _a7
_bcbc
_corignew
_d4
_encip
_f19
_gy-gencatlg
942 _2lcc
_cMONOGRAPH